Statistics for Most Educated States

Click here to take the quiz!

General Stats

  • This quiz has been taken 38 times
  • The average score is 9 of 12

Answers on the Map

Answers color-coded by a green-red scale on the quiz's map according to % correct below.
 

Answer Stats

RankAnswer% Correct
10Washington
100%
6Connecticut
91%
7New Jersey
91%
1Massachusetts
88%
3Vermont
85%
5New Hampshire
82%
4Maryland
79%
9Virginia
67%
8Minnesota
64%
2Colorado
55%
12Utah
48%
11Montana
27%

Score Distribution

Percentile by Number Answered

Percent of People with Each Score

Your Score History

You have not taken this quiz